000 00715nam a22002057a 4500
005 20100508113613.0
008 100508t xxu||||| |||| 00| 0 eng d
010 _aB-368657
020 _c130.00
035 _aB-368657
037 _bPansy Books
040 _adpl
_bEnglish
100 _aMchoy
245 _aHow to keep houseplants alive and happy /
_cby Mchay
260 _bHermes House
_aLondon
_c2005
300 _ap.
_ccm.
942 _2ddc
_cEN
_mMCH
999 _c35821
_d35821